Century of flight / (Record no. 232)

MARC details
000 -LEADER
fixed length control field 00706cam a22002654a 4500
005 - DATE AND TIME OF LATEST TRANSACTION
control field 20260322212011.0
008 - FIXED-LENGTH DATA ELEMENTS--GENERAL INFORMATION
fixed length control field data
010 ## - LIBRARY OF CONGRESS CONTROL NUMBER
LC control number 99029398
020 ## - INTERNATIONAL STANDARD BOOK NUMBER
International Standard Book Number 0783555148
020 ## - INTERNATIONAL STANDARD BOOK NUMBER
International Standard Book Number 9780783555140
040 ## - CATALOGING SOURCE
Original cataloging agency DLC
Transcribing agency DLC
Modifying agency DLC
042 ## - AUTHENTICATION CODE
Authentication code pcc
050 00 - LIBRARY OF CONGRESS CALL NUMBER
Classification number TL515
Item number .C36 1999
082 00 - DEWEY DECIMAL CLASSIFICATION NUMBER
Classification number 629.13/09
Edition information 21
092 ## - LOCALLY ASSIGNED DEWEY CALL NUMBER (OCLC)
Classification number 629.13 C36 1999
001 - CONTROL NUMBER
control field data
245 10 - TITLE STATEMENT
Title Century of flight /
Statement of responsibility, etc. Time-Life Books.
260 ## - PUBLICATION, DISTRIBUTION, ETC.
Place of publication, distribution, etc. Alexandria, Va. :
Name of publisher, distributor, etc. Time-Life Books,
Date of publication, distribution, etc. c1999.
300 ## - PHYSICAL DESCRIPTION
Extent 192 p. :
Other physical details ill. (some col.) ;
Dimensions 29 cm.
440 #0 - SERIES STATEMENT/ADDED ENTRY--TITLE
Title Our American century
504 ## - BIBLIOGRAPHY, ETC. NOTE
Bibliography, etc. note Includes bibliographical references (p. 189-190).
650 #0 - SUBJECT ADDED ENTRY--TOPICAL TERM
Topical term or geographic name entry element Aeronautics
General subdivision History.
720 2# - ADDED ENTRY--UNCONTROLLED NAME
Name Time-Life Books.
Holdings
Withdrawn status Lost status Damaged status Not for loan Home library Current library Shelving location Date acquired Total checkouts Full call number Barcode Date last seen Price effective from Koha item type
        Troy Troy General stacks 22/03/2026   629.13/09 21 BC0010240 22/03/2026 22/03/2026 Books